00461nam a2200169Ia 4500003000400000008004100004040001600045082001700061100002100078245006000099260004300159300001000202650002400212650001500236650001300251650002700264GCL140319s9999 xx 000 0 eng d aGCL / cGCL04a616.079bV I1 aVIRELLA, GABRIEL10aINTRODUCTION TO MEDICAL IMMUNOLOGY / cVIRELLA, GABRIEL a[S.N] : bMARCEL DEKKER, INC ، c1993 a595 P04aCLINICAL IMMUNOLOGY04aIMMUNOLOGY04aIMMUNITY04aIMMUNOLOGICAL DISEASES